| 000 | 00461nam a2200169Ia 4500 | ||
|---|---|---|---|
| 008 | 230718s9999 xx 000 0 und d | ||
| 020 | _a9780262035613 | ||
| 041 | _aeng | ||
| 082 |
_a006.32 _bGOO |
||
| 100 | _aGoodfellow I. | ||
| 245 | _aDeep Learning | ||
| 260 |
_c2016 _bThe MIT Press |
||
| 300 | _a775 | ||
| 365 |
_cRs. _b5984.00 |
||
| 700 | _aGoodfellow I.; Bengio Y. & Courville A. | ||
| 906 |
_dO:0688124-Jan-2020B:SDEE 35720-Jan-2020 _cBCOMP _b9246.72 |
||
| 999 |
_c350824 _d350824 |
||